Phương trình sóng phi tuyến với nguồn tắt dần với điều kiện biên thuần nhất chứa tích chập ở một phía : Luận văn Thạc sĩ Toán học chuyên ngành Giải tích

Luận văn đề cập đến phương trình sóng phi tuyến với số hạng phi tuyến tắt dần , liên kết với điều kiện biên thuần nhất chứa tích tập ở một phía và bài toán có ý nghĩa trong Cơ học. Luận văn này gồm có 5 chương. Nội dung luận văn...

وصف كامل

محفوظ في:
التفاصيل البيبلوغرافية
المؤلف الرئيسي: Nguyễn, Minh Tâm
التنسيق: كتاب
اللغة:Undetermined
منشور في: Cần Thơ Trường Đại học Cần Thơ 2011
الموضوعات:
الوسوم: إضافة وسم
لا توجد وسوم, كن أول من يضع وسما على هذه التسجيلة!
Thư viện lưu trữ: Trung tâm Học liệu Trường Đại học Cần Thơ
LEADER 01366nam a2200217Ia 4500
001 CTU_166563
008 210402s9999 xx 000 0 und d
082 |a 515.25 
082 |b T120 
088 |a 604601 
100 |a Nguyễn, Minh Tâm 
245 0 |a Phương trình sóng phi tuyến với nguồn tắt dần với điều kiện biên thuần nhất chứa tích chập ở một phía : 
245 0 |b Luận văn Thạc sĩ Toán học chuyên ngành Giải tích 
245 0 |c Nguyễn Minh tâm ; Lê Thị Phương Ngọc (Người hướng dẫn) 
260 |a Cần Thơ 
260 |b Trường Đại học Cần Thơ 
260 |c 2011 
520 |a Luận văn đề cập đến phương trình sóng phi tuyến với số hạng phi tuyến tắt dần , liên kết với điều kiện biên thuần nhất chứa tích tập ở một phía và bài toán có ý nghĩa trong Cơ học. Luận văn này gồm có 5 chương. Nội dung luận văn cung cấp một số kiến thức cơ bản về các bài toán biên phi tuyến. 
650 |a Mathematical analysis,Toán giải tích 
904 |i Huệ, Hải 
980 |a Trung tâm Học liệu Trường Đại học Cần Thơ